000 00840nam a22002897a 4500
001 9152
003 FISKH
005 20251126090404.0
008 251126b cb ||||| |||| 00| 0 eng d
020 _a9781407157498
040 _aFISKH
_beng
_cFISKH
_dFISKH
050 _aPZ7.S86037 C
082 _a813.54
100 _aStine, R. L.
_eAuthor
245 _aThe curse of mummy's tomb /
_cR. L. Stine
260 _aLondon :
_bScholastic Inc. ,
_c1993
300 _a132 pages :
_billustrations ;
_c20 cm
490 _aGoosebumps :
_v#5
505 _aP
520 _aLost in an Egyptian pyramid, twelve-year-old Gabe and his cousin Sari find they are not alone.
521 8 _a620
_bLexile
521 8 _aP
_bRaz-Plus
650 _aGoosebumps series
_vFiction
650 _aHorror
_vFantasy
942 _2ddc
_cBK
_n0
999 _c9152
_d9152